00488nam a2200181Ia 4500008004000000082002100040100002200061245005100083260004900134300000800183650001000191650004400201650001400245650001500259650000700274650001700281650000800298210210b1994 xxu||||| |||| 00| 0 eng d a820.9171241 SYAS aSYAL (Pushpinder) aStructure and style in commonwealth literature aN DbVikaks Publishing House Pvt Ltd.,c1994 a171 astyle aStructure Style Commonwealth Literature aStructure aliterature ain acommonwealth aand